Paesi senza sbocco sul mare - Quiz con Mappa - Statistics

Statistiche generali
  • Questo quiz è stato fatto 62 volte
  • Il punteggio medio è 40 su 45
Risposte nella Mappa
Le risposte nella mappa del quiz sottostante sono codificate secondo una scala di colori dal rosso al verde in base alla % di persone che hanno risposto correttamente.
 
Statistiche sulle risposte
Paese % Corretto
Andorra
98%
Austria
98%
Bielorussia
98%
Città del Vaticano
98%
Kosovo
98%
Macedonia del Nord
98%
Moldavia
98%
Mongolia
98%
Repubblica Ceca
98%
Serbia
98%
Slovacchia
98%
Svizzera
98%
Ungheria
98%
Lussemburgo
96%
San Marino
96%
Bolivia
95%
Kazakistan
95%
Liechtenstein
95%
Paraguay
95%
Lesotho
93%
Afghanistan
91%
Nepal
91%
Ciad
89%
Uzbekistan
89%
Bhutan
87%
Turkmenistan
87%
Armenia
85%
Etiopia
85%
Niger
85%
Kirghizistan
84%
Mali
84%
Tagikistan
84%
Laos
82%
Botswana
80%
Repubblica Centrafricana
80%
eSwatini
78%
Zimbabwe
78%
Azerbaigian
76%
Burkina Faso
76%
Burundi
76%
Sud Sudan
76%
Uganda
76%
Zambia
76%
Malawi
75%
Ruanda
75%
Nessun quiz corrispondente trovato
Distribuzione punteggi
Percentuale di utenti per punteggio
Percentile per numero di risposta
I tuoi punteggi nel tempo
Non hai fatto questo quiz